When the world closed its doors : struggling to escape Nazi-occupied Europe

Αποθηκεύτηκε σε:
Λεπτομέρειες βιβλιογραφικής εγγραφής
Κύριος συγγραφέας: Piller-Greenspan, Ida
Άλλοι συγγραφείς: Branting, Susan M.
Μορφή: Βιβλίο
Γλώσσα:English
Δημοσίευση: Boulder, CO : Paradigm Publishers, c2006
Θέματα:
Ετικέτες: Προσθήκη ετικέτας
Δεν υπάρχουν, Καταχωρήστε ετικέτα πρώτοι!

MARC

LEADER 00000nam a2200000 i 4500
001 1/43441
008 140228s2006 eng d
020 |a 978-1-59451-254-4 (pbk.) 
020 |a 1-59451-254-X (pbk.) 
035 |l 10116937 
040 |a GR-MY-UA  |b gre  |e aacr 
041 0 |a eng 
082 0 |a 940.5318  |2 (22) 
100 1 |a Piller-Greenspan, Ida. 
245 1 0 |a When the world closed its doors :  |b struggling to escape Nazi-occupied Europe /  |c Ida Piller-Greenspan with Susan M. Branting 
260 |a Boulder, CO :   |b Paradigm Publishers,   |c c2006 
300 |a xxv, 174 σ.;  |c 26 εκ. 
504 |a Περιλαμβάνει βιβλιογραφικές αναφορές και ευρετήριo 
505 0 |a We dance at our wedding -- Jolted awake -- Almost arrested -- Escape by train -- The castle -- Toward La Panne, near Dunkirk -- Return to Antwerp -- Surviving under the Nazis -- Advice and dissent -- Unpleasant surprises in Paris -- Finding shelter -- Over the mountains -- Night in a strange hotel -- Visa maze -- Escape -- Hopes dashed -- The train from Berlin -- Reprieve. 
600 1 0 |a Piller-Greenspan Ida. 
650 0 0 |a Jews  |z Belgium  |x Antwerp  |x Biography. 
650 0 0 |a Holocaust, Jewish (1939-1945)  |z Belgium  |z Antwerp  |v Personal narratives. 
651 0 |a Antwerp (Belgium)  |x Biography. 
700 1 |a Branting, Susan M. 
852 |a INST  |b LESVOS  |e 20140228  |h 940.5318 PIC  |p 005100053432  |q 005100053432  |t BK  |y 0 
901 |a BIBL1-2014-1 
909 |a Λ  |b 177849 
922 |a 1ΕΛΗ  |b 201211  |c ΤΜΗΜΑ ΚΟΙΝΩΝΙΚΗΣ ΑΝΘΡΩΠΟΛΟΓΙΑΣ ΚΑΙ ΙΣΤΟΡΙΑΣ  |d ΙΩΑΝΝΙΔΟΥ 
970 |a ΤΖΑΦΕΡΗ  |b ΕΥΑΓΓΕΛΙΑ  |z 2014/02/28